000 00659nam a2200217Ia 4500
003 OSt
005 20220608114621.0
008 210716s2007 xx 000 0 und d
020 _a9780195691641
040 _cAIMIT LIBRARY
041 _aeng
082 _a658.83
_21
_bBRAN
100 _aBradley, Nigel.
_941078
245 _aMarketing research :
_btools & techniques /
_cBy Nigel Bradley.
250 _a1st ed.
260 _aNew Delhi :
_bOxford University Press ,
_c2007 .
300 _av, 531p. ;
_c24 cm.
650 _aQuestionnaries and topic guides
_941079
650 _aMarketing research applications
_941080
942 _2ddc
_cBK
_e1st
_k658.83 BRAN
999 _c202556
_d202556